Władcy Polski - Statystyki

Ogólne statystyki
  • Ten quiz został rozwiązany 30 razy
  • Średni wynik to 16 z 41
Statystyki odpowiedzi
Odpowiedź % Poprawnych
960 - 992 r. Mieszko I
100%
992 - 1025 r. Bolesław Chrobry
96%
1025 - 1034 r. Mieszko II
92%
1764 - 1795 r. Stanisław August Poniatowski
58%
1333 - 1370 r. Kazimierz III Wielki
46%
1034 i 1040 - 1058 r. Kazimierz I Odnowiciel
46%
1386 - 1434 r. Władysław II Jagiełło
46%
1506 - 1548 r. Zygmunt I Stary
46%
1102 - 1138 r. Bolesław III Krzywousty
42%
1058 - 1079 r. Bolesław II Śmiały
42%
1573 - 1574 r. Henryk Walezy
42%
1384 - 1399 r. Jadwiga
42%
1674 - 1696 r. Jan III Sobieski
42%
1704 - 1710 i 1733 - 1736 r. Stanisław Leszczyński
42%
1079 - 1102 r. Władysław I Herman
42%
1548 - 1572 r. Zygmunt II August
42%
1733 - 1763 r. August III Sas
38%
1697 - 1706 i 1709 - 1733 r. August II Mocny
38%
1669 - 1673 r. Michał Korybut Wiśniowiecki
38%
1434 - 1444 r. Władysław III Warneńczyk
38%
1587 - 1632 r. Zygmunt III Waza
38%
1501 - 1506 r. Aleksander Jagiellończyk
35%
1648 - 1668 r. Jan Kazimierz
35%
1492 - 1501 r. Jan Olbracht
35%
1447 - 1492 r. Kazimierz Jagiellończyk
35%
1173 - 1177 i 1198 - 1202 r. Mieszko III Stary
35%
1295 - 1296 r. Przemysł II
35%
1576 - 1586 r. Stefan Batory
35%
1138 - 1146 r. Władysław II Wygnaniec
35%
1632 - 1648 r. Władysław IV
35%
1306 - 1333 r. Władysław Łokietek
35%
1146 - 1173 r. Bolesław IV Kędzierzawy
31%
1300 - 1305 r. Wacław II
31%
1575 - 1596 r. Anna Jagiellonka
27%
1177 - 1194 r. Kazimierz II Sprawiedliwy
27%
1370 - 1382 r. Ludwik Andegaweński
27%
1231 - 1238 r. Henryk I Brodaty
23%
1238 - 1241 r. Henryk Pobożny
23%
1243 - 1279 r. Bolesław V Wstydliwy
15%
1241 - 1243 r. Konrad Mazowiecki
15%
1279 - 1288 r. Leszek Czarny
15%
Nie znaleziono quizów pasujących do podanych kryteriów
Rozkład punktacji
Procent ludzi z każdym wynikiem
Percentyl według liczby udzielonych odpowiedzi
Twoja historia wyników
Nie rozwiązałeś tego quizu